Learning to Say No When you usually say yes (Record no. 94160)

MARC details
000 -LEADER
fixed length control field 00538nam a2200181Ia 4500
005 - DATE AND TIME OF LATEST TRANSACTION
control field 20251121150140.0
008 - FIXED-LENGTH DATA ELEMENTS--GENERAL INFORMATION
fixed length control field 230125s9999 xx 000 0 und d
041 ## - LANGUAGE CODE
Language code of text/sound track or separate title eng
082 ## - DEWEY DECIMAL CLASSIFICATION NUMBER
Classification number 158.1
Item number MAN
100 ## - MAIN ENTRY--PERSONAL NAME
Author Manresa M
245 ## - TITLE STATEMENT
Title Learning to Say No When you usually say yes
Remainder of title Everything you Need to Know Explained Simply
260 ## - PUBLICATION, DISTRIBUTION, ETC.
Name of publisher, distributor, etc. Jaico Publishing House
Place of publication, distribution, etc. New Delhi
300 ## - PHYSICAL DESCRIPTION
Extent 132p
500 ## - GENERAL NOTE
Keywords Personality Development<br/>
650 ## - SUBJECT ADDED ENTRY--TOPICAL TERM
Topical term or geographic name entry element Personality Development
700 ## - ADDED ENTRY--PERSONAL NAME
Personal name Manresa M
942 ## - ADDED ENTRY ELEMENTS (KOHA)
Koha item type Books
Holdings
Withdrawn status Lost status Damaged status Not for loan Home library Current library Date acquired Vendor Net Price Total Checkouts Total Renewals Full call number Barcode Date last seen Date last checked out Actual Price Bill Date Koha item type Original Barcode
        Smt. Hiraben Nanavati Institute of Management & Research for Women Smt. Hiraben Nanavati Institute of Management & Research for Women 01/06/2016 Donated Book- Outside Donar 1.00 1 1 158.1 MAN DB2635 HIMR-DB-2635 17/01/2024 03/01/2024 1.00 25/01/2023 Donated Book DB2635